000 00677nam a2200229Ia 4500
003 OSt
005 20230413151847.0
008 210423s2000 xx 000 0 und d
020 _a978-0-631-16202-5
040 _cAL
041 _aeng
082 _a418.007
_223
_bELLI
100 _aELLIS (Rod)
_988166
245 _aInstructed second language acquisition
_bLearning in the classroom
260 _aOxford
_bBlackwell Publisher
_c2000
300 _aix,230
_bPB
365 _b5635.49
_cUSD
440 _aApplied language studies
_988167
650 _aLinguistics
_988168
906 _aacquisition ; classroom ; Instructed ; language ; Learning ; second
942 _2ddc
_cBK
999 _c169922
_d169922